Patent agent examination : (Record no. 81453)

MARC details
000 -LEADER
fixed length control field 00681nam a22002057a 4500
005 - DATE AND TIME OF LATEST TRANSACTION
control field 20140110112427.0
010 ## - LCCN (DPL NO)
LC control number ENG-108999
020 ## - INTERNATIONAL STANDARD BOOK NUMBER
International Standard Book Number 9788180389771
Terms of availability 845.00
035 ## - SYSTEM CONTROL NUMBER
System control number EN-92532
037 ## - SOURCE OF ACQUISITION
Source of stock number/acquisition DBAD/PUB
082 ## - DEWEY DECIMAL CLASSIFICATION NUMBER
Classification number 346.540486
100 ## - MAIN ENTRY--PERSONAL NAME
Personal name Chopra, Sheetal
245 ## - TITLE STATEMENT
Title Patent agent examination :
Statement of responsibility, etc by Sheetal Chopra [and] Akash Taneja
Remainder of title a book for students and industry professionals /
250 ## - EDITION STATEMENT
Edition statement 3rd ed
260 ## - PUBLICATION, DISTRIBUTION, ETC. (IMPRINT)
Place of publication, distribution, etc Gurgaon
Name of publisher, distributor, etc Lexis Nexis
Date of publication, distribution, etc 2013
270 ## - ADDRESS
Address 14th floor, Building No 10, Tower-B, DLF Cyber City, Phase-ll,
City Gurgaon
Postal code 122002
300 ## - PHYSICAL DESCRIPTION
Extent xxi,714p.
Dimensions 24cm(pbk)
700 ## - ADDED ENTRY--PERSONAL NAME
Dates associated with a name Taneja, Akash
942 ## - ADDED ENTRY ELEMENTS (KOHA)
Source of classification or shelving scheme Dewey Decimal Classification
Item type English Books
Call number suffix CHO
Classification part 346.540486
Holdings
Withdrawn status Lost status Not for loan Collection code Home library Current library Date acquired Source of acquisition Cost, normal purchase price Full call number Barcode Copy number Cost, replacement price Koha item type
    Not For Loan Non-fiction D.B.Act.Division D.B.Act.Division 23/12/2013 DBAD/PUB 845.00 346.540486 CHO EN-92532 1 845.00 English Books

© Delhi Public Library
Hit Counter
free hit counter